Aşktan Ötürü / (Record no. 200425220)

MARC details
000 -LEADER
fixed length control field 00812 a2200289 4500
001 - CONTROL NUMBER
control field 200425220
003 - CONTROL NUMBER IDENTIFIER
control field TR-AnTOB
005 - DATE AND TIME OF LATEST TRANSACTION
control field 20220308000838.0
008 - FIXED-LENGTH DATA ELEMENTS--GENERAL INFORMATION
fixed length control field 161103b tu 000 0
020 ## - INTERNATIONAL STANDARD BOOK NUMBER
International Standard Book Number 9786058677043
040 ## - CATALOGING SOURCE
Original cataloging agency TRTET
Language of cataloging eng
Description conventions rda
041 0# - LANGUAGE CODE
Language code of text/sound track or separate title Türkçe
050 00 - LIBRARY OF CONGRESS CALL NUMBER
Classification number PL248.A4.
Item number A85 2015
090 ## - LOCALLY ASSIGNED LC-TYPE CALL NUMBER (OCLC); LOCAL CALL NUMBER (RLIN)
Classification number (OCLC) (R) ; Classification number, CALL (RLIN) (NR) PL248.A4. A85 2015
100 1# - MAIN ENTRY--PERSONAL NAME
Personal name Akkuş, Meta
9 (RLIN) 116156
245 10 - TITLE STATEMENT
Title Aşktan Ötürü /
Statement of responsibility, etc. Meta Akkuş.
264 ## - PRODUCTION, PUBLICATION, DISTRIBUTION, MANUFACTURE, AND COPYRIGHT NOTICE
Place of production, publication, distribution, manufacture Ankara:
Name of producer, publisher, distributor, manufacturer Retro Basım Yayın Tasarım Ltd. Şti ,
Date of production, publication, distribution, manufacture, or copyright notice 2015
Place of production, publication, distribution, manufacture
Name of producer, publisher, distributor, manufacturer ,
Date of production, publication, distribution, manufacture, or copyright notice ©2015
300 ## - PHYSICAL DESCRIPTION
Extent 159 pages.
Dimensions 18 cm
336 ## - CONTENT TYPE
Content type term text
Source rdacontent.
337 ## - MEDIA TYPE
Media type term unmediated
Source rdamedia.
338 ## - CARRIER TYPE
Carrier type term volume
Source rdacarrier.
650 00 - SUBJECT ADDED ENTRY--TOPICAL TERM
Topical term or geographic name entry element Turkish literature
Chronological subdivision 20th century
General subdivision History and criticism
9 (RLIN) 56257
Topical term or geographic name entry element Türk edebiyatı
9 (RLIN) 86354
942 ## - ADDED ENTRY ELEMENTS (KOHA)
Koha item type Book
Holdings
Withdrawn status Lost status Source of classification or shelving scheme Not for loan Collection code Home library Current library Shelving location Date acquired Source of acquisition Inventory number Total Checkouts Total Holds Full call number Barcode Date last seen Date last checked out Copy number Date shelved Koha item type
    Library of Congress Classification Ödünç Verilebilir / Available Genel Koleksiyon Merkez Kütüphane Merkez Kütüphane Genel Koleksiyon / Main Collection 03/11/2016 Bağış / Donation TDE 1   PL248.A4 A85 2015 0051969 23/01/2018 12/01/2018 1 03/11/2016 Book
Devinim Yazılım Eğitim Danışmanlık tarafından Koha'nın orjinal sürümü uyarlanarak geliştirilip kurulmuştur.